Name the DBZ characters Quiz Stats

 Plays Quiz not verified by Sporcle

Also try: Celebrity Sneezes
Challenge
Share
Tweet
Embed
Score 0/31 Timer 10:00
0 Plays Today
Hint Character % Correct
The main character of the show.Goku
99.1%
His first born son.Gohan
98.6%
His rivalVegeta
97.2%
His second born son.Goten
96.8%
His wifeChi Chi
96.8%
His second born son's best friend and rival's sonTrunks
96.8%
His rival's wifeBulma
95.9%
His Namekian friendPiccolo
95.9%
His three-eyed friendTien
95%
His brotherRaditz
95%
His best friendKrillin
94%
His rival's wife's ex-boyfriendYamcha
94%
His daughter-in-lawVidel
93.6%
His pink, fat enemyMajin Buu
93.6%
His fatherBardock
92.7%
His best friend's wifeAndroid 18
92.7%
Hint Character % Correct
His best friend's wife's twinAndroid 17
92.7%
His first born son's father-in-lawMr Satan
92.2%
His granddaughterPan
91.3%
His creepy martial arts masterMaster Roshi
90.8%
His enemy on NamekFrieza
90.4%
His master who taught him the Kaioken and the Spirit BombKing Kai
89.4%
His pink, fat enemy's pure evil sideKid Buu
89.4%
The enemy that exploded on King Kai's planet and caused his death.Cell
88.5%
His pink, fat enemy's pure evil side reincarnated as a good guyUub
88.1%
His three-eyed friend's best friendChiaotzu
85.3%
His pink, fat enemy's evil sideEvil Buu
85.3%
His pink, fat enemy's evil side after eating his good sideSuper Buu
84.4%
His rival's daughterBulla
81.7%
His 'bipolar' friend who lives with his creepy martial arts masterLaunch
65.6%
His pink, fat enemy's pure evil side reincarnated as a good guy fused with his pink, fat enemy's good sideMajuub
62.8%

You're not logged in!

Compare scores with friends on all Sporcle quizzes.
Join for Free
OR
Log In

You Might Also Like...

Show Comments

Extras

Created Oct 24, 2013ReportFavoriteNominate
Tags:Dragon Ball

Top Quizzes Today


Score Distribution

Your Account Isn't Verified!

In order to create a playlist on Sporcle, you need to verify the email address you used during registration. Go to your Sporcle Settings to finish the process.

Report this User

Report this user for behavior that violates our Community Guidelines.

Details: